| Record ID | marc_records_scriblio_net/part14.dat:20435459:897 |
| Source | Scriblio |
| Download Link | /show-records/marc_records_scriblio_net/part14.dat:20435459:897?format=raw |
LEADER: 00897cam 2200301 a 4500
001 2002001258
003 DLC
005 20020906125038.0
008 020125s2002 ilu 000 1 eng
010 $a 2002001258
020 $a0842360107
040 $aDLC$cDLC$dDLC
043 $an-us-tn
050 00 $aPS3553.R27884$bH66 2002
082 00 $a813/.54$221
100 1 $aCrawford, Dianna,$d1940-
245 12 $aA home in the valley /$cDianna Crawford.
260 $aWheaton, Ill. :$bTyndale House Publishers,$cc2002.
300 $a333 p. ;$c21 cm.
440 0 $aHeartQuest
490 1 $aReardon Valley ;$vbk. #1
650 0 $aWomen pioneers$vFiction.
650 0 $aShoemakers$vFiction.
651 0 $aTennessee$vFiction.
655 7 $aHistorical fiction.$2gsafd
655 7 $aChristian fiction.$2gsafd
655 7 $aLove stories.$2gsafd
800 1 $aCrawford, Dianna,$d1940-$tReardon Valley ;$vbk. #1.